Statystyki dla Kraje najbliższe Portugalii

Kliknij tutaj aby rozwiązać quiz!

Ogólne statystyki

  • Ten quiz został rozwiązany 287 razy
  • Średni wynik to 16 z 20

Statystyki odpowiedzi

Odległość (w km)Państwa% Poprawnych
0Hiszpania
100%
412Francja
98%
1203Włochy
96%
202Maroko
91%
1278Niemcy
91%
1211Belgia
89%
879Wielka Brytania
88%
637Andora
87%
1284Holandia
87%
1097Szwajcaria
85%
520Algieria
84%
1276Luksemburg
82%
1036Irlandia
80%
1138Monako
80%
1395Austria
79%
1385Liechtenstein
75%
1347Tunezja
73%
1539San Marino
66%
978Mauretania
52%
1306Mali
50%

Rozkład punktacji

Percentyl według liczby udzielonych odpowiedzi

Procent ludzi z każdym wynikiem

Twoja historia wyników

Nie rozwiązałeś tego quizu